| 000 | 00682nam a22002177a 4500 | ||
|---|---|---|---|
| 999 |
_c17433 _d17433 |
||
| 003 | AR-CdUCM | ||
| 008 | 190508b ||||| |||| 00| 0 spa d | ||
| 040 |
_aMUNICIPALIDAD PROVINCIAL DEL CUSCO _cBIBLIOTECA MUNICIPAL DEL CUSCO |
||
| 082 |
_a869.6333 / _bSI55 / 1964 |
||
| 100 |
_aSilva, José Asunción _910189 |
||
| 245 | _aNocturno y otros poemas / | ||
| 260 |
_aBuenos Aires : _bEUDEBA, _c1964. |
||
| 300 |
_a74 páginas ; _c19 cm. |
||
| 440 |
_aSerie del Nuevo Mundo. _97628 |
||
| 505 | _aContenido: Poemas. | ||
| 650 |
_aPoesías colombianas _917838 |
||
| 650 |
_aLiteratura colombiana _98673 |
||
| 650 |
_aSiglo XX _98 |
||
| 942 |
_2ddc _cLIBROS |
||
| 945 |
_aachl _d2019-05-08 |
||